| 000 | 004400000a22001450004500 | ||
|---|---|---|---|
| 001 | 11339 | ||
| 041 | 0 | _aSPA | |
| 082 | 0 | 4 | _aG 986.1 F197m |
| 100 | 1 | _aFals Borda, Orlando | |
| 245 | 1 | 0 | _aHistoria doble de la costa / Orlando Fals Borda |
| 260 | _aBogotá, Colombia : Carlos Valencia | ||
| 300 | _a168 Pag | ||
| 505 | 0 | 0 | _at.1 : Mompox y loba t.2 : El presidente Nieto t.3 : Resistencia en el San Jorge t.4 : Retorno a la tierra |
| 942 | _cBK | ||
| 999 |
_c40675 _d40675 |
||